National or Nature Parks of Croatia (a or b) Quiz Stats

Quiz not verified by Sporcle

Challenge
Share
Tweet
Embed
Score 0/19 Timer 07:00
0 Plays Today
National (a) or Natural (b) a or b % Correct
Vransko Jezero???
57.9%
Lastovsko Otočje???
56%
Plitvička Jezera???
55.3%
Brijuni???
53.8%
Kornati???
53.5%
Krka???
53.5%
Učka???
51.6%
Telašćica???
51.6%
Lonjsko Polje???
51.3%
Medvednica???
50.9%
National (a) or Natural (b) a or b % Correct
Kopački Rit???
50.5%
Žumberak-Samoborsko Gorje???
50.5%
Papuk???
49.8%
Paklenica???
49.1%
Sjeverni Velebit???
48.7%
Biokovo???
48.4%
Velebit???
48%
Mljet???
47.6%
Risnjak???
45.8%

You're not logged in!

Compare scores with friends on all Sporcle quizzes.
Sign Up with Email
OR
Log In

You Might Also Like...

Show Comments

Extras

Top Quizzes Today


Score Distribution

Your Account Isn't Verified!

In order to create a playlist on Sporcle, you need to verify the email address you used during registration. Go to your Sporcle Settings to finish the process.